| 000 | 01867nam a22002057a 4500 | ||
|---|---|---|---|
| 003 | 0 | ||
| 005 | 20241119133718.0 | ||
| 008 | 241119b xxu||||| |||| 00| 0 eng d | ||
| 020 | _a9781032348087 | ||
| 050 |
_aHQ 796 _b.P67 2024 |
||
| 100 |
_aPorter, Louise, _eauthor. |
||
| 245 |
_aCounselling young people : _ba handbook for trainees and practitioners / _cLouise Porter. |
||
| 260 |
_aNew York, NY : _bRoutledge, _cc2024. |
||
| 300 |
_axiii, 377 p. : _bill. ; _c25 cm. |
||
| 504 | _aIncludes bibliographical references and index. | ||
| 520 | _a"Practical and clearly written, this new book from best-selling author Louise Porter equips mental health professionals with the knowledge and skills they need to provide insightful guidance and support to children and adolescents. The book introduces exciting new models for thinking about young people's needs, self-esteem and resilience that will invigorate counselling. It outlines the most common presenting difficulties for young people and provides clear, practical guidance on how professionals in a counselling environment can respond to these in an effective way. Offering a coherent blend of theories and practices, chapters address a wide range of emotional, social, behavioural and learning difficulties with which young people may present to counselling, such as experiences of grief and loss, anxiety and depression, disordered eating, and dealing with adversity. With an aim to empower, the book presents a non-pathologising approach to counselling that respects the skills that young people bring to working through their challenges. Accessible for professionals and trainees alike, this book is a must-have for anyone working in a counselling capacity with children and adolescents"--Provided by publisher. | ||
| 650 |
_aYouth _vCounseling of. |
||
| 650 |
_aCounselors _vTraining of. |
||
| 942 |
_2lcc _cBK |
||
| 999 |
_c366767 _d366767 |
||